Statistiken für Sommer Transfer Teil 5 22/23

Klicken Sie hier um das Quiz zu spielen!

Allgemein

  • Dieses Quiz wurde 113 mal gespielt
  • Das Durchschnittsergebnis liegt bei 7 aus 15

Antwortstatistiken

WechselSpieler% Korrekt
FC Bayern-BarcelonaLewandowski
94%
Juventus Turin-FC BayernDe Ligt
89%
Manchester City-ChelseaSterling
80%
Neapel-ChelseaKoulibaly
70%
Leeds United-BarcelonaRaphina
57%
Gladbach-MonacoEmbolo
54%
Brentford-Manchester UnitedEriksen
52%
Ajax Amsterdam-Manchester UnitedMartinez
49%
Paris-PSV EindhovenSimons
45%
Ajax Amsterdam-Inter MailandOnana
33%
Barcelona-TottenhamLenglet
31%
Barcelona-Sporting LissabonTrincao
26%
Stade Rennes-West HamAguerd
13%
Stade Reims-ParisEkitike
13%
Lazio Rom-Betis SevillaFelipe
6%

Verteilung der Resultate

Perzentil nach korrekt beantworteten Fragen

Anzahl Personen mit jedem Resultat

Ihre Resultats-Entwicklung

Sie haben dieses Quiz noch nicht gespielt